| 000 | 00824nam a2200229 a 4500 | ||
|---|---|---|---|
| 001 | 000016701 | ||
| 005 | 20250924073801.0 | ||
| 008 | 100309s1987 dr 000 0 spa d | ||
| 040 | _aDO-SdBNP | ||
| 082 |
_axxx _bD542l |
||
| 100 | 1 |
_aDíaz Díaz, Belarminio _930506 |
|
| 245 | 1 | 0 |
_aLatinismos y español dominicano / _cBelarminio Díaz Díaz. |
| 260 |
_aSanto Domingo : _bUASD, _c1987. |
||
| 300 |
_a104 p. ; _c22 cm. |
||
| 490 | 1 |
_aPublicaciones de la Universidad Autónoma de Santo Domingo _vvo.l 570 |
|
| 490 | 1 |
_aLiteratura y Sociedad _vno. 3 |
|
| 500 | _aIncluye notas al pie de las páginas | ||
| 504 | _aIncluye referencias bibliográficas ( p. 101-103) | ||
| 830 |
_aPublicaciones de la Universidad Autónoma de Santo Domingo _vvol. 570 _952 |
||
| 830 | 0 |
_aLiteratura y Sociedad _nno. 3 _937055 |
|
| 049 | _aBNPD | ||
| 999 |
_c16234 _d16234 |
||